Conservation of natural resources for sustainable agriculture : Training modules

Uloženo v:
Podrobná bibliografie
Korporativní autor: FAO
Médium: Kniha
Jazyk:Undetermined
Vydáno: Rome Food and Agriculture Organization of the United Nations 2004
Témata:
Tagy: Přidat tag
Žádné tagy, Buďte první, kdo otaguje tento záznam!
Thư viện lưu trữ: Trung tâm Học liệu Trường Đại học Cần Thơ
LEADER 00658nam a2200217Ia 4500
001 CTU_102661
008 210402s9999 xx 000 0 und d
020 |c 41.61 
082 |a 631.4 
082 |b F686 
110 |a FAO 
245 0 |a Conservation of natural resources for sustainable agriculture : 
245 0 |b Training modules 
245 0 |c FAO 
260 |a Rome 
260 |b Food and Agriculture Organization of the United Nations 
260 |c 2004 
650 |a Natural resources,Conservation of natural resources,Agriculture land,Rural lands 
650 |x Land 
904 |i M.Loan 
980 |a Trung tâm Học liệu Trường Đại học Cần Thơ